[Event "Corus Wijk aan Zee"]
[Site " Wijk aan Zee"]
[Date "2007.01.15"]
[Round "3"]
[White "GM Anand, Viswanathan (IND)"]
[Black "GM Aronian, Levon (ARM) "]
[Result "1/2-1/2"]
[WhiteElo "2779"]
[BlackElo "2744"]
[Annotator "Ñåðãåé Øèïîâ (îíëàéí)"]
[PlyCount "63"]
[EventDate "2007.01.??"]
[EventType "tourn"]
[EventCountry "NED"]
[EventCategory "19"]
[Source "CrestBook.com"]

{Çäðàâñòâóéòå, äîðîãèå äðóçüÿ! ß - ãðîññìåéñòåð Ñåðãåé Øèïîâ - ïðèãëàøàþ âàñ
íàñëàäèòüñÿ øàõìàòíûì çðåëèùåì. Ñóïåðòóðíèð Âåéê-àí-Çåå 2007 íàáèðàåò õîä. Âñå
ïîòåíöèàëüíûå ïðåòåíäåíòû íà ïîáåäó óæå ïî÷óâñòâîâàëè âêóñ ïîáåäû. Ãîíêà çà
ïåðâûé ïðèç íà÷àëàñü! Ñðàçó 7 èãðîêîâ íàõîäÿòñÿ âî ãëàâå òóðíèðíîé òàáëèöû.
Óâåðåí, ÷òî ýòî ñåìèâëàñòèå ñåãîäíÿ èñ÷åçíåò... Àíàíä è Àðîíÿí â ñèëó
çíà÷èòåëüíîé ðàçíèöû â âîçðàñòå ïîêà íå èìåþò ñåðü¸çíîé ïðåäûñòîðèè ñðàæåíèé.
Ó÷èòûâàÿ ë,ãêèé, âîçäóøíûé ñòèëü èãðû Âèøè, ìîæíî ïðåäïîëîæèòü, ÷òî âïåðåäè
èõ æäóò äåñÿòêè ëåò ñîïåðíè÷åñòâà. Ëåâîí óæå ñåé÷àñ áîðåòñÿ íà ðàâíûõ ñ
ëåãåíäàðíûì êóäåñíèêîì øàõìàò - âñå ïðåäûäóùèå ïàðòèè çàêîí÷èëèñü âíè÷üþ
(íå ñ÷èòàÿ ïîðàæåíèÿ â èãðå âñëåïóþ â Ìîíàêî-2006). Òàê ÷òî ó íåãî õîðîøèå
ïåðñïåêòèâû â ìàò÷å æèçíè... Îñòàëüíûå ïàðòèè òðåòüåãî èãðîâîãî äíÿ: Âàí Âåëè
- Ìîòûë,â, Êàðÿêèí - Òîïàëîâ, Øèðîâ - Ðàäæàáîâ, Òèâÿêîâ - Êðàìíèê, Íàâàðà -
Ñâèäëåð è Ïîíîìàð,â - Êàðëñåí.} 1. e4 e5 2. Nf3 Nc6 3. Bb5 {Èñïàíñêàÿ ïàðòèÿ.
Â ïîñëåäíåå âðåìÿ ýòîò ñòàðèííûé äåáþò íåâåðîÿòíî ïîïóëÿðåí - ââèäó
ïðåâîñõîäíîãî äëÿ ÷¸ðíûõ ñîñòîÿíèÿ òåîðèè, â ñàìûõ ðàçíûõ âàðèàíòàõ. Àðîíÿí
ïðàêòè÷åñêè âñåãäà èãðàåò åãî ÷¸ðíûìè, è ãîðÿ íå çíàåò...} a6 4. Ba4 Nf6 5.
O-O Be7 6. Re1 b5 7. Bb3 O-O $1 {Âîïðîñ ðåáðîì...} 8. c3 {
Àíàíä ãîòîâ ê ïðèíöèïèàëüíîìó ñïîðó.} d5 {
Êîíòðàòàêà Ìàðøàëëà - ñèëüíåéøåå îðóæèå ÷¸ðíûõ.} 9. exd5 Nxd5 10. Nxe5 Nxe5
11. Rxe5 c6 12. d4 Bd6 13. Re1 Qh4 {
×åðíûå çà ñ÷,ò ïðåèìóùåñòâà â ðàçâèòèè ïîëó÷èëè ñèëüíóþ èíèöèàòèâó.} 14. g3
Qh3 15. Re4 {Íûíå öåíòðàëüíîå ïðîäîëæåíèå. Ëàäüÿ íàìåðåíà ïîïàñòü íà h4.} g5 $1
{Åäèíñòâåííûé ñïîñîá ïîääåðæàòü íàïðÿæåíèå íà êîðîëåâñêîì ôëàíãå.} 16. Qf1 ({
Íåóäà÷íî} 16. Bxg5 $2 {ââèäó} Qf5) 16... Qh5 17. Nd2 Bf5 18. f3 $1 {Òèïîâàÿ æå
ðòâà. Ñèëüíûé öåíòð, ïåøêà è ïðåèìóùåñòâî äâóõ ñëîíîâ áóäóò ñîâìåñòíî âåñèòü
íèêàê íå ìåíüøå êà÷åñòâà.} Nf6 {Ëàäüþ ïóãàþò óæå âäâî,ì, íî åé íå ñòðàøíî.}
19. Qg2 $146 {Íîâèíêà! Àíàíä íàñòàèâàåò íà âçÿòèè ëàäüè, óãðîæàÿ ïåøå÷íîé
âèëêîé g3-g4. Íå èñêëþ÷åíî, ÷òî áåëûå òàê ñûãðàþò è â îòâåò íà 19...Qg6!?
Àðîíÿí, êàê è ñëåäîâàëî îæèäàòü, çàäóìàëñÿ, ÷òî äàëî ìíå âîçìîæíîñòü
ñîâåðøèòü ïîèñê â áàçå...} ({Ñîáûòèÿ â ïàðòèè Ïàøèêÿí - Áðóíåëëî, Åðåâàí, 2006
íîñèëè êîîïåðàòèâíûé õàðàêòåð:} 19. Bc2 g4 20. fxg4 Nxg4 21. Rxg4+ Bxg4 22. Ne4
Be7 23. Nf6+ Bxf6 24. Qxf6 Bd7 25. Bh6 Qg4 26. Rf1 Rae8 27. Bxf8 Rxf8 28. Bf5
Bxf5 29. Rxf5 h6 30. Rf4 Qd1+ 31. Kg2 Qh5 32. Qxc6 {è ÷åðíûå ñäàëèñü.}) ({
Ñëåäóþùèé ïîåäèíîê óæå ìîæíî èçó÷àòü âñåðü¸ç:} 19. a4 Nxe4 20. Nxe4 Bxe4 21.
fxe4 Kg7 22. Bd2 f6 23. Qf5 Qe2 24. Bc2 Rf7 25. e5 Qxd2 26. Qxh7+ Kf8 27. Qh8+
Ke7 28. exd6+ Kxd6 29. Qxa8 Qe3+ 30. Kh1 Qf3+ 31. Kg1 {
, è ñîïåðíèêè ñîãëàñèëèñü íà íè÷üþ, Êóðíîñîâ - Àçàðîâ, Òóðöèÿ, 2006.}) ({
À áåñïðèíöèïíîå îòñòóïëåíèå ëàäü,é} 19. Re1 {êàòåãîðè÷åñêè íå íðàâèòñÿ
àíàëèòèêàì è ïðàêòèêàì ïîñëå ãðîìêîãî êðóøåíèÿ íûíåøíåãî ÷åìïèîíà ìèðà:} Rae8
20. Rxe8 Rxe8 21. a4 Qg6 22. axb5 Bd3 23. Qf2 $2 (23. Qd1 Be2 24. Qc2 Bd3 25.
Qd1 $11) 23... Re2 24. Qxe2 Bxe2 25. bxa6 Qd3 $1 26. Kf2 Bxf3 $1 27. Nxf3 Ne4+
28. Ke1 Nxc3 $1 {
è ÷¸ðíûå ïîëó÷èëè ðàçãðîìíóþ àòàêó, Êðàìíèê - Ëåêî, Áðèññàãî, 2002.}) 19...
Qg6 20. Re3 {Íåîæèäàííûé ìàíåâð! Ïðè÷åì, çàìåòüòå, ÷òî ëàäüÿ âñòà,ò íà ïîëå,
êîòîðîå áóäåò êîíòðîëèðîâàòü ñëîí ñ1...} ({
Èíòåðåñíî áûëî áû ïîñìîòðåòü, êàê çàêàí÷èâàåòñÿ âàðèàíò} 20. g4 Bxe4 21. fxe4
$5 (21. Nxe4 Bf4 $1) 21... Bf4 22. e5 Rae8 {
â äîìàøíåì àíàëèçå èíäèéñêîãî ãðîññìåéñòåðà...}) 20... Rae8 21. Ne4 $1 {
Ñìåíà êàðàóëà íà å4! Âîò â ÷,ì çàìûñåë Âèøè... Íà 21...Nxe4 îí çàãîòîâèë
íåïðèÿòíåéøèé ïðîìåæóòîê 22.g4! Ïîêà íå âèæó, êàê ÷¸ðíûå ìîãóò óðàâíÿòü èãðó..
. Ïîêà Ëåâîí ñ÷èòàåò âàðèàíòû, äàâàéòå ãëÿíåì äðóãèå ïàðòèè òóðà..............
..Âàí Âåëè - Ìîòûë,â: Àíãëèéñêîå íà÷àëî, äåáþòíàÿ ñòàäèÿ â ñàìîì ðàçãàðå,
îäíàêî ñîïåðíèêè óæå ïîäîëãó ðàçìûøëÿþò. Êàðÿêèí - Òîïàëîâ: Îäíà èç ñàìûõ
àêòóàëüíûõ âåòîê âàðèàíòà Íàéäîðôà ñèöèëèàíñêîé çàùèòû. Áåëûå ïîëíîñòüþ
ðàçâèòû, íî ïîêà íå âèäíî, êàê îíè ìîãóò àòàêîâàòü. ×¸ðíûå óñïåëè âûñòðîèòü
íàä,æíóþ îáîðîíèòåëüíóþ ëèíèþ. Øèðîâ - Ðàäæàáîâ: Ñòàðîèíäèéñêàÿ çàùèòà,
âàðèàíò Òàéìàíîâà. Àëåêñåé ïûòàåòñÿ óñèëèòü èãðó Ëþêà èç ïåðâîãî òóðà. Òåéìóð,
ïîõîæå, ãîòîâ êî âñåì ñþðïðèçàì... Òèâÿêîâ - Êðàìíèê: Ðóññêàÿ ïàðòèÿ.
Òåîðåòè÷åñêè íè÷åéíûé ýíäøïèëü - ïðÿìîå ñëåäñòâèå ëîãè÷íîé èãðû ñòîðîí â
äåáþòå! Ñòàâêè íà èòîã ýòîé ïàðòèè íå ïðèíèìàþòñÿ... Äà, åñòü ðåçóëüòàò -
ÍÈ×Üß. Íàâàðà - Ñâèäëåð: Âíîâü òîò æå àíòèÃðþíôåëüä, ÷òî è âî â÷åðàøíåé
ïàðòèè Êðàìíèê - Øèðîâ. Âñåì ïîíðàâèëîñü îáûãðûâàòü òàê ÷¸ðíûõ! Îäíàêî Ï,òð
èãðàåò çíà÷èòåëüíî áûñòðåå è, âîçìîæíî, ñèëüíåå, ÷åì â÷åðà Àëåêñåé...
Ïîíîìàð,â - Êàðëñåí: Ñëàâÿíñêàÿ çàùèòà: Áåëûå óæå â äåáþòå îðãàíèçîâàëè
ñòðåìèòåëüíóþ àòàêó íà ôåðçåâîì ôëàíãå. À çíàåò ëè Ìàãíóñ ýòîò âàðèàíò? Ýòî
ãëàâíûé âîïðîñ òåêóóùåãî ìîìåíòà...} Nxe4 22. g4 {
È äåéñòâèòåëüíî. ×¸ðíûå íå óñïåâàþò ñïàñòè ñâîþ ëèøíþþ ôèãóðó.} Ng3 ({
Â ñëó÷àå} 22... Bxg4 23. fxe4 Bc8 24. e5 Be7 25. Bd2 {
(ñ äàëüíåéøèì Ra1-f1) , áåëûå ïîëó÷àëè çàìåòíîå ïðåâîñõîäñòâî â öåíòðå.}) 23.
hxg3 Bb1 $1 {Õîä â ñòèëå Ìèõàèëà Òàëÿ! Ëàäüÿ à1 âûêëþ÷åíà èç èãðû.} 24. Qe2 {
Âèøè èãðàåò î÷åíü áûñòðî, è äåëî òóò íå òîëüêî â åãî ïðèðîäíîéñêîðîñòîðåëüíîñò
è. Îí çíàåò òåêóùóþ ïîçèöèþ!} Rxe3 25. Qxe3 {Ïîä áîåì ïåøêà g5 - ïîýòîìó ÷,
ðíûå íå óñïåâàþò âîññòàíîâèòü ìàòåðèàëüíîå ðàâíîâåñèå âçÿòèåì íà g3.} h6 {
Êîíå÷íî, äîïóñêàòü ïåðåõîä â îêîí÷àíèå áåç ïåøêè íåëüçÿ. Òåïåðü áåëûå ìîãóò
çàùèòèòü ïåøêó g3 êîðîë,ì... Íî ÷òî äåëàòü äàëüøå? Êàê âûâåñòè ëàäüþ èç
óãëà? Ïîäðûâ a2-a4 â ýòîì ïëàíå âûãëÿäèò âïîëíå åñòåñòâåííî, íî ó ÷åðíûõ åñòü
âîçðàæåíèå: b5-b4! Òàê, íà 26.Kg2 îíè ìîãóò ñûãðàòü 26...a5!?, ÷òîáû èìåòü
âîçìîæíîñòü çàêóïîðèòü ôåðçåâûé ôëàíã. À íà áóäóùåå ó ÷¸ðíûõ (ïîìèìî óãðîçû
âçÿòü íà g3) åñòü èíòåðåñíûé ïëàí Kg8-h8 è f7-f5! Â ñâåòå âûøåñêàçàííîãî
âìåñòî åñòåñòâåííîãî õîäà 26.Kg2 ìîãó ïðåäëîæèòü âðåìåííîå îòñòóïëåíèå ôåðçÿ
26.Qe1!? ñ èäååé âûäàâèòü ÷¸ðíîãî ñëîíà ñ b1 ïðîñòûì ðàçâèòèåì ñëîíà íà å3.
Àíàíä ïåðâûé ðàç â ïàðòèè óãëóáèëñÿ â ïîçèöèþ.} 26. Qe1 {Âèäèìî, Âèøè
ïîâòîðèë ìîþ öåïî÷êó ðàññóæäåíèé... Òåïåðü ïîïðîáóþ ïðåäóãàäàòü ðåøåíèå
Ëåâîíà. Ñëîíà ïðèä,òñÿ óáðàòü ñ b1. Âèäèìî ñðàçó - íà d3.} Bc2 {Íå óãàäàë ñ
ïóíêòîì íàçíà÷åíèÿ. Îäíàêî, ìíå îñòà,òñÿ íåïîíÿòíûì äàëüíåéøèé çàìûñåë
Àðîíÿíà. Ðàçìåí íà b3 âûãëÿäèò áëàãîïðèÿòíûì äëÿ áåëûõ - èõ ëàäüÿ ñðàçó æå
âûéäåò íà îïåðàòèâíûé ïðîñòîð. Àíàíä ïîêà ìîæåò íåòîðîïëèâî óñèëèâàòü ñâî,
ïîëîæåíèå...} 27. Bxc2 Qxc2 28. Qe4 {Åù¸ îäèí íåïðèÿòíûé ìîìåíò äëÿ ÷¸ðíûõ.
Îíè âûíóæäåíû ïåðåéòè â õóäøåå îêîí÷àíèå, â êîòîðîì (ïîñëå âçÿòèÿ ïåøêè g3)
áåëàÿ ëàäüÿ áóäåò ïîäêëþ÷åíà ê áîðüáå ïîäðûâîì a2-a4. Øàõ íà d1 íå îáåùàåò
÷¸ðíûì àòàêè. Ïîñëå Kg1-g2 è Ra1-b1! (çäåñü ëàäüÿ çàùèùåíà ôåðç,ì) ÷¸ðíûé
ôåðçü îêàæåòñÿ â îïàñíîñòè. Âèäèìî, õîä 26...Bc2 áûë íå ëó÷øåãî êà÷åñòâà.}
Qd1+ {Ëåâîí óïîðñòâóåò!} ({Äàâàéòå âñå æå ãëÿíåì ïîñëåäñòâèÿ ðàçìåíà ôåðçåé:} 
28... Qxe4 29. fxe4 Bxg3 30. a4 b4 $1 31. cxb4 Bd6 {- ïåøêó ÷¸ðíûå îòûãðàþò,
áåëàÿ ëàäüÿ ïîêà íå àêòèâíà. Íå âñ¸ òàê ïëîõî, êàê êàçàëîñü ïîíà÷àëó.}) 29.
Kg2 {Ïîêà íå âèæó, ÷òî æå îí çàäóìàë? Óãðîçà 30.Rb1! î÷åíü íåïðèÿòíà.
Ñäâèíóòü áåëîãî ìîíñòðà ñ å4 íèêàê íåëüçÿ...} Kg7 {Íå÷åëîâå÷åñêîå
õëàäíîêðîâèå. Òåïåðü çàìûñåë Àðîíÿíà ÿñåí. Íà 30.Rb1 îí çàãîòîâèë îòâëåêàþùèé
ìàíåâð 30...Re8! ñ èäååé 31.Qxe8 (áåç øàõà!) Qc2+. À â ñëó÷àå 31.Bf4, ìîæíî
ïðîñòî îòâåñòè ôåðçÿ - 31...Qa4! Ïîýòîìó â äàííûé ìîìåíò çàñëóæèâàåò âíèìàíèå
âñòóïèòåëüíûé õîä 30.b3!?, îòðåçàÿ ÷¸ðíîìó ôåðçþ ïóòè îòñòóïëåíèÿ. À óæ
ïîòîì ìîæíî áóäåò ïîñòàâèòü ëàäüþ íà b1.... Âèäèìî, â ýòîì âàðèàíòå íàäî
èçó÷àòü ôåðçåâîå îêîí÷àíèå 30.b3 Ba3 31.Bxa3 Qxa1 32.Bxf8+ Kxf8. Ó áåëûõ
åñòü îäèí çàìåòíûé íåäîñòàòîê - êîðîëü íå ïðèêðûò ïåøêàìè. Àíàíä äóìàåò...} 30.
Qe3 {Ïî ñâîåìó ëîãè÷íîå ðåøåíèå. Âèøè íàìåðåí âûäàâèòü âðàæåñêîãî ôåðçÿ ñ
ïåðâîãî ðÿäà ïóòåì Qe3-d2... À íå ñëèøêîì ëè ýòî ìåäëåííî è èñêóññòâåííî?
Ïóòåì 30...Qc2+ 31.Qd2 Qg6 ÷åðíûå ìîãóò ïîäãîòîâèòü ïîäðûâ f7-f5. À íà 32.a4
åñòü èäåéíîå âîçðàæåíèå 32...b4! Âíîâü èñïîëüçóåì èãðîâóþ ïàóçó äëÿ îáçîðà....
............ Âàí Âåëè - Ìîòûë,â: Öåíòð âñêðûò, íà÷èíàåòñÿ æ,ñòêàÿ êîíòðåòèêà.
Âèçóàëüíî ó áåëûõ ëó÷øå çà ñ÷,ò ïàðû ñëîíîâ. Êàðÿêèí - Òîïàëîâ: Ó ÷¸ðíûõ
ñåðü¸çíûå òðóäíîñòè! Íàïðÿæåíèå â öåíòðå íàðàñòàåò. ×¸ðíûé êîðîëü âñêîðå
ìîæåò îêàçàòüñÿ ïîä îãí,ì. Øèðîâ - Ðàäæàáîâ: Áåëûå ïîæåðòâîâàëè ïåøêó è
ïîëó÷èëè ìîùíóþ èíèöèÿòèâó. Íàâàðà - Ñâèäëåð: Â ñëîæíåéøåé ïîçèöèè Äàâèä
çàòåÿë ïîâòîðåíèå õîäîâ. Ï,òð äóìàåò... Ïîíîìàð,â - Êàðëñåí: Ìàëûø
äåéñòâèòåëüíî îêàçàëñÿ íå â êóðñå äåáþòíûõ òîíêîñòåé. Îí áûë âûíóæäåí îòäàòü
ôåðçÿ çà ëàäüþ è ñëîíà - è ñåé÷àñ íàõîäèòñÿ íà ãðàíè ïîðàæåíèÿ.} ({
Ñ ïðàêòè÷åñêîé òî÷êè çðåíèÿ íàä,æíåå âñ¸ æå} 30. b3 Ba3 31. Bxa3 Qxa1 32.
Bxf8+ Kxf8 33. Qc2 {
, ïîñëå ÷åãî áåëûå èãðàþò íà ïîáåäó áåç âñÿêîãî ðèñêà. Ïåøêà åñòü ïåøêà...})
({À â âàðèàíòå} 30. b3 a5 {(îäèí èç âîçìîæíûõ âûæèäàòåëüíûõ õîäîâ)} 31. Rb1 Re8
32. Bf4 {ó ÷¸ðíûõ íåò íè÷åãî, êðîìå ëàäåéíîãî îêîí÷àíèÿ áåç ïåøêè -} Qe2+
33. Qxe2 Rxe2+ 34. Kf1 Re6 35. Bxd6 Rxd6 {è ò.ä.}) ({
Òàê ÷åãî æå èñïóãàëñÿ Àíàíä ïîñëå} 30. b3 {- ? Ðîìàíòè÷åñêèé âàðèàíò} Re8 31.
Qxe8 Qc2+ 32. Kg1 Qxc3 (32... Bxg3 33. Qe3 $1 $18) 33. Rb1 Qxf3 34. Rb2 {
, íà ìîé âçãëÿä, íåêîððåêòåí. Ëèøíÿÿ ëàäüÿ áåëûõ ðàíî èëè ïîçäíî ñêàæåòñÿ.} {
Â ñëó÷àå} Qd1+ 35. Kg2 Qxc1 36. Rf2 {÷¸ðíûé êîðîëü íåîæèäàííî ïîãèáàåò.})
30... Bxg3 $1 {Ïðÿìîé è ñèëüíûé óäàð. ×¸ðíûå ôîðñèðóþò íè÷üþ!} 31. Kxg3 Re8
32. Qxe8 {×¸ðíûå îáúÿâëÿþò âå÷íûé øàõ. ÍÈ×Üß! Èòàê, ìîæíî êîíñòàòèðîâàòü,
÷òî Àíàíä â ýòîé ïàðòèè ïðèìåíèë ñèëüíîå äåáþòíîå íîâîââåäåíèå, ïîëó÷èë
ïåðåâåñ, íî â êîíêðåòíîé áîðüáå íå èñïîëüçîâàë âñåõ âîçìîæíîñòåé ïîçèöèè.
Àðîíÿí äåéñòâîâàë âåñüìà èçîáðåòàòåëüíî è çàñëóæèë ìèðíûé èòîã..... ß ïîêà
îñòàþñü â ðåæèìå îí-ëàéí, ÷åðåç íåêîòîðîå âðåìÿ äîëîæó âàì î ñîáûòèÿõ â
äðóãèõ ïàðòèÿõ.... Äåáþòíàÿ êàòàñòðîôà Êàðëñåíà çàêîí÷èëàñü ëîãè÷íûì
ïîðàæåíèåì. Ïîíîìàð,â âîçâðàùàåòñÿ!... Íàìåðåíèÿ Íàâàðà ÿ ïîíÿë íåñêîëüêî
ïðåâðàòíî. Äàâèä áîðåòñÿ! È ðèñêóåò ïîïàñòü ïîä ñèëüíóþ àòàêó... Øèðîâ
ñîõðàíÿåò îòëè÷íûå ïåðñïåêòèâû â áèòâå ñ Ðàäæàáîâûì... Òîïàëîâ óïîðíî
îáîðîíÿåòñÿ â ñðàæåíèè ñ Êàðÿêèíûì.... Ìîòûë,â íàø,ë âîçìîæíîñòü íàëàäèòü
êîíòðèãðó, è òåì íå ìåíåå øàíñû Âàí Âåëè íåñêîëüêî âûøå.... Âî âñåõ ïàðòèÿõ
âïåðåäè åù¸ ìíîãî áîðüáû. Íà ýòîì ïîçâîëüòå çàâåðøèòü ðåïîðòàæ. Èòîãè òóðà
ïðåäëàãàþ îáñóäèòü â ñîîòâåòñòâóþøåé òåìå íà ôîðóìå ÊÑ... Ñ âàìè áûë
ãðîññìåéñòåð Ñåðãåé Øèïîâ. Äî çàâòðà!} 1/2-1/2

[Event "Corus Wijk aan Zee"]
[Site " Wijk aan Zee"]
[Date "2007.01.16"]
[Round "4"]
[White "GM Motylev, Alexander(RUS)"]
[Black "GM Aronian, Levon (ARM) "]
[Result "1/2-1/2"]
[WhiteElo "2647"]
[BlackElo "2744"]
[Annotator "Âàñèëèé Ëåáåäåâ"]
[PlyCount "43"]
[EventDate "2007.01.??"]
[EventType "tourn"]
[EventCountry "NED"]
[EventCategory "19"]
[Source "CrestBook.com"]

{Îòäûõ ïåðåä âûõîäíûì    Òóðíèð, ïîõîæå, âîø,ë â îáû÷íûé
«ñóïåðãðîññìåéñòåðñêèé» ðèòì: â ÷åòâ,ðòîì òóðå ñëó÷èëèñü 2 ïîáåäû, îäíà
áåçîáðàçíàÿ 20 õîäîâàÿ íè÷üÿ è åù¸ 4 ïðîñòî èíòåðåñíûå ïàðòèè. Ñíîâà ïîáåäèë
Ðàäæàáîâ è óêðåïèë ñâî, ëèäåðñòâî íàêàíóíå ïåðâîãî âûõîäíîãî äíÿ. Ñ
íåòåðïåíèåì æä,ì âñòðå÷ ëèäåðà ñ «òÿæåëîâåñàìè» (ïåðâàÿ âñòðå÷à òàêîãî
ðîäà - ñ Àíàíäîì - ñîñòîèòñÿ â 7 òóðå).    À íà÷èíàåì îáçîð óæå òðàäèöèîííî,
ñ ïàðòèè Ìîòûëåâà.} 1. e4 e5 2. Nf3 Nc6 3. Bb5 {Èòàê, èñïàíñêàÿ ïàðòèÿ...
Óìíóþ ìûñëü íå ãðåõ è ïîâòîðèòü: «Â ïîñëåäíåå âðåìÿ ýòîò ñòàðèííûé äåáþò
íåâåðîÿòíî ïîïóëÿðåí - ââèäó ïðåâîñõîäíîãî äëÿ ÷¸ðíûõ ñîñòîÿíèÿ òåîðèè, â
ñàìûõ ðàçíûõ âàðèàíòàõ. Àðîíÿí ïðàêòè÷åñêè âñåãäà èãðàåò åãî ÷¸ðíûìè, è ãîðÿ
íå çíàåò...» (Ñ. Øèïîâ).  Âîò è åù¸ â îäíîì ðàçâåòâëåíèè äåáþòà Ðþè Ëîïåñà
÷¸ðíûå ôèãóðû ïîä ðóêîâîäñòâîì îáëàäàòåëÿ Êóáêà ìèðà-2005 ïîêàçàëè ñâîþ
æèâó÷åñòü. È, òàê êàê ÿ ñàì èãðàþ «èñïàíêó» òîëüêî ÷¸ðíûìè, ýòà ïàðòèÿ
ïðåäñòàâëÿåò äëÿ ìåíÿ èçâåñòíûé èíòåðåñ.} a6 4. Ba4 Nf6 5. O-O Be7 6. Re1 d6 7.
Bxc6+ bxc6 8. d4 exd4 9. Nxd4 Bd7 {Âïåðâûå ýòî ïîëîæåíèå âñòðåòèëîñü åù¸ â
1901 ãîäó! Íå íàèãðàëèñü òóò ðåáÿòà åù¸, ÿâíî åù¸ íå íàèãðàëèñü. :)} 10. Nc3 {
À òåïåðü ïîãëÿäèì, êàê ìàñòåðà ðàññòàâëÿþò ÷¸ðíûå ôèãóðû â òàêîéêîíôèãóðàöèè.
} O-O 11. Bf4 g6 $1 {Ãîòîâÿ ìåñòî äëÿ... êîíÿ!} 12. h3 Nh5 13. Bh2 Ng7 14. Qd3
{ß äóìàþ ãîðäîãî çâàíèÿ «íîâèíêà» ýòîò õîä ïî ñóòè ñâîåé íå çàñëóæèâàåò...
Õîòÿ îí, êàæåòñÿ - íîâââîâåäåíèå} ({Äàâíûì äàâíî, êîãäà ðóññêèé øàõìàòíûé
Èíòåðíåò õîäèë åù¸ â êîðîòêèõ øòàíèøêàõ, âåëèêîëåïíàÿ o/oäèò Ïîëãàð ñûãðàëà
ñëåäóþùóþ ïàðòèþ:} 14. Qd2 Ne6 (14... Qb8) 15. Rad1 Bg5 16. f4 Bh4 17. Rf1
Nxd4 18. Qxd4 c5 19. Qd2 Bb5 20. Rf3 f5 {(âèäèìî, èçëèøíå ðåçêî)} 21. Qd5+ Kh8
22. Nxb5 axb5 23. e5 Qe8 24. Bg3 Bxg3 25. Rxg3 Rd8 26. Re1 c6 27. Qf3 dxe5 28.
Rxe5 Qd7 29. Kh2 c4 30. b3 (30. Qc3) 30... cxb3 31. cxb3 Rfe8 32. Rxe8+ Rxe8
33. Qc3+ Kg8 34. Qd3 Qe6 35. a4 bxa4 36. bxa4 Qc8 (36... Qe4) 37. a5 Qc7 38.
Qd2 Re7 39. a6 Kg7 40. Rb3 Qa7 41. Qb2+ Kh6 42. Rb7 Qe3 43. Rxe7 Qxe7 44. Qb8 {
à èãðàëà îíà ñ... Àðîíÿíîì: Polgar,J (2678)-Aronian,L (2528)/Ohrid 2001/CBM 084
}) 14... Qb8 15. b3 ({ß äóìàþ ÷òî è ñåé÷àñ è ïîòîì} 15. e5 $5 {òîëüêî êàæåòñ
ÿ õîðîøèì ïðîäîëæåíèåì. Õîòÿ ïðîèãðûâàþùèé âàðèàíò çà ÷¸ðíûõ íàéòè (ïðè ìî,
ì-òî òàëàíòå) çäåñü ìîæíî:} {
Õîòÿ ïðîèãðûâàþùèé âàðèàíò  çà ÷¸ðíûõ íàéòè çäåñü ìîæíî:} Qxb2 $2 16. Rab1
Qa3 17. Nd5 $1) 15... Qb4 ({Ýòî ïîõîæå íà ïðåäëîæåíèå íè÷üåé. Êàê ãîâîðèòñÿ,
è ýòî ìû, îáîçðåâàòåëè, ïðîèçíîñèì íà îäíîì äûõàíèè:
«çàñëóæèâàåòïðèñòàëüíîãîâíèìàíèÿ} 15... Ne6 $5 {»}) 16. a3 Qb7 17. Rad1 (17.
e5 d5 18. Bf4 Ne6 19. Bh6 Rfe8) 17... Rfe8 18. Bf4 Bf8 19. Bh6 Re5 20. Bf4 ({
Ïåðåâåñ áåëûì, êàæåòñÿ, òóò íàäî èñêàòü íà äðóãèõ ïóòÿõ:} 20. Nf3 $5) 20...
Ree8 ({Ëàñêåð áû, íàâðåíî â ïîäîáíîì ïîëîæåíèè îøàðàøèë áû ñîïðåíèêà êðèâûì} 
20... Ra5 $5 {È äàëåå ÷òî-òî òèïà ñëåäóþùåãî:} 21. b4 ({èëè} 21. a4 Ne6 $1
22. Nxe6 Bxe6 23. e5 d5 24. Qd2 Bb4 {è Rc5!}) 21... Rxa3 22. Bc1 Ra1 23. Nb3
Rxc1 24. Rxc1 Qxb4 {
è òèïà «è ò.ä.». Íî, êîíå÷íî, ëåãêî ÷óæèå ëàäüè â àíàëèçå ðàñøâûðèâàòü!})
21. Bh6 Re5 22. Bf4 {Èòàê, ÷¸ðíûå â «èñïàíêå» æèâóò è íå ïðîèãðûâàþò!}
1/2-1/2

[Event "Corus Wijk aan Zee"]
[Site " Wijk aan Zee"]
[Date "2007.01.16"]
[Round "4"]
[White "GM Carlsen, Magnus (NOR)"]
[Black "GM Anand, Viswanathan (IND)"]
[Result "1/2-1/2"]
[WhiteElo "2690"]
[BlackElo "2779"]
[Annotator "Ðîìàí Äîáðîíîâñêèé "]
[PlyCount "40"]
[EventDate "2007.01.??"]
[EventType "tourn"]
[EventCountry "NED"]
[EventCategory "19"]
[Source "CrestBook.com"]

{Ïîäîáíûå ïàðòèè ïðîñòî è îäíîâðåìåííî òðóäíî êîììåíòèðîâàòü. Ïðîñòî - ïîòîìó,
÷òî åñòü ìàññà ìàòåðèàëà íà çàäàííóþ òåìó â áàçàõ, âàðèàíò ñóõîâàò, ïëàíû
îòðàáîòàíû è äàâíî èçâåñòíû. Òðóäíî - ïîòîìó, ÷òî êîðîòêèå íè÷üè âûçûâàëè è
âûçûâàþò ó áîëåëüùèêîâ è äîáðîñîâåñòíûõ êîììåíòàòîðîâ îòâðàùåíèå. Òðóäíî
èñêàòü âíóòðåííþþ èíòðèãó â 20 õîäîâîé íè÷üåé, ãäå ïî÷òè íåò ñâîèõ õîäîâ!} 
1. e4 c5 2. Nf3 d6 3. d4 cxd4 4. Nxd4 Nf6 5. Nc3 a6 6. Be3 e5 7. Nf3 $5 {
Ýòîò õîä íåëüçÿ íàçâàòü ðåäêèì, íî è ôàâîðèòîì â áîðüáå ñ 7.Êb3 îí íèêîãäà íå
áûë. Èñòîðèÿ âàðèàíòà ïî-íàñòîÿùåìó íà÷àëàñü ñ ïðåòåíäåíòñêîãî ìàò÷à
Õþáíåð-Ïîðòèø, ãäå îí áûë âïåðâûå ïðèìåí,í íà ñàìîì âûñîêîì óðîâíå. Öåëü õîäà
- ïîáîðîòüñÿ çà ïåðåâåñ ñóãóáî ïîçèöèîííûìè ñðåäñòâàìè, ñïåêóëèðóÿ íà ñëàáîñòè
ïîëÿ d5. Ïîíà÷àëó, ïîêà íå áûëè ðàçðàáîòàíû äåòàëüíûå ïëàíû êîíòðèãðû çà ÷,
ðíûõ ïðîñòåöêàÿ èäåÿ áåëûõ ïðèíîñèëà èì íåìàëûå äèâèäåíäû, íî â 90-õñòàòèñòèêà
ïîâåðíóëà â äðóãóþ ñòîðîíó.} ({Ïðèíöèïèàëüíîå ïðîäîëæåíèå -} 7. Nb3 $1) 7...
Be7 {Ñàìûé ïîïóëÿðíûé íûíå õîä.} ({
Íà çàðå òåîðèè âàðèàíòà ñàìûì òî÷íûì ñ÷èòàëîñü} 7... Qc7 $5 {
, íå ïóñêàÿ áåëîãî ñëîíà íà ñ4.}) 8. Bc4 O-O 9. O-O {Â âûáîðå âàðèàíòà è
äàëüíåéøåé àêêóðàòíîé èãðå Êàðëñåíà â ýòîé ïàðòèè çàìåòíû íåñâîéñòâåííûå
Ìàëûøó ïðàãìàòèçì è ñòðåìëåíèå ê âûñóøèâàíèþ ïîçèöèè. Íåëüçÿ ñòðîãî ñóäèòü
þíîå íîðâåæñêîå äàðîâàíèå: âûéòè ïîñëå äâóõ íîëåé ïîäðÿä â áîåâîì íàñòðîåíèè
íà ãðîçíîãî Àíàíäà íå êàæäîìó ïîä ñèëó.} ({
àê, áîëåå æèâûì è îáåùàþùèì êàæåòñÿ ìíå} 9. Qd3 $5 {
, ýêîíîìÿ ïîêà òåìï íà ðîêèðîâêå.}) 9... Be6 10. Bb3 ({Íåò ñîìíåíèé, ÷òî ïðè
ïîäãîòîâêå Ìàëûø ñ óäîâîëüñòâèåì èçó÷àë ïàðòèþ Ïîëãàð-Àíàíä, ñûãðàííóþ â
Âåéê-àí-Çåå 1998. Îíà ðàçâèâàëàñü ñëåäóþùèì îáðàçîì -} 10. Qe2 $5 b5 11. Bb3 {
Çäåñü Âèøè ñäåëàë îäèí èç ñàìûõ ñòðàííûõ õîäîâ â ñâîåé áîãàòîé êàðüåðå} {
Çäåñü Âèøè ñäåëàë îäèí èç ñàìûõ ñòðàííûõ õîäîâ â ñâîåé áîãàòîé êàðüåðå} Bxb3 $2
12. axb3 {è ïîëó÷èë òÿæ,ëóþ, ìîæåò áûòü äàæå ïðîèãðàííóþ, ïîçèöèþ áåç
íàìåêà íà êîíòðèãðó. o/oäèò ðàçìåíÿëà âñå ôèãóðû, çàùèùàâøèå ïîëå d5 è,
îñòàâøèñü ñ ñèëüíûì êîí¸ì ïðîòèâ ÷åðíîïîëüíîãî ñëîíà ñîïåðíèêà, íå òîðîïÿñü,
ðåàëèçîâàëà ïåðåâåñ.}) 10... Nc6 11. Bg5 {ñ ðîáêîé íàäåæäîé ïîáèòü íà f6,
ïîñòàâèòü ÷òî-íèáóäü íà d5 è, â î÷åíü äàëåêîé ïåðñïåêòèâå, âûíóäèòü ðàçìåí
áåëîïîëüíîãî ñëîíà ÷¸ðíûõ. Òàêèì îáðàçîì áûëè âûèãðàíû òûñÿ÷è ïàðòèé....} ({
Â àâãóñòîâñêîì òóðíèðå «Âåòåðàíû ïðîòèâ ìîëîäåæè» ïðîòèâ Äæîíà Íàííà
íîðâåæåö èçáðàë} 11. Qe2 $5 {, è â èòîãå ïîáåäèë.}) 11... Nd7 $1 {Íàèáîëåå ÷,
òêèé è ïðîñòîé îòâåò. ×¸ðíûå ìåíÿþò õóäøóþ ñâîþ ôèãóðó. À ÷òî æå ïîëå d5,
çà îáëàäàíèå êîòîðûì òàê áîðîëèñü áåëûå? ×¸ðíûå ôèãóðû áóäóò «îáòåêàòü»
ôèãóðó, âñòàâøóþ íà ýòî ïîëå, ïðîâåäóò b5 è áóäóò ïîòèõîíüêó äàâèòü íà
ôåðçåâîì ôëàíãå.} 12. Bxe7 Qxe7 13. Nd5 Qd8 14. c3 Na5 15. Bc2 $146 {Íîâèíêà. Í
è÷åì íå õóæå è íå ëó÷øå äðóãèõ õîäîâ. Êîììåíòèðîâàòü å, íåò ñìûñëà - Ìàëûø
ÿâíî ñòðåìèòüñÿ ê íè÷üåé...} ({×òîáû ÷èòàòåëü íå ñêó÷àë, ïîêàæó êàê
òðàêòîâàë ïîçèöèþ çà áåëûõ Ìàäðàññêèé Òèãð -} 15. Re1 Rc8 16. h3 Nb6 17. Nxb6
Qxb6 18. Bxe6 fxe6 19. Re2 Rc6 20. Qd3 Qc7 21. Rd1 Nc4 22. b3 Nb6 23. c4 Nc8
24. Red2 h6 25. Qe2 Kh7 26. h4 Qb6 27. h5 Qc5 28. Ne1 Rc7 29. Nd3 Qc6 30. c5
Ne7 31. Qg4 Rf6 32. b4 d5 33. Nxe5 Qa4 34. Qg3 Rc8 35. Ng4 {(Anand,V-Leko,P/
Corus A, Wijk aan Zee NED 2006/1-0). Íå îáîëüùàéòåñü ðåçóëüòàòîì - íè÷åãî
îñîáåííî ïî äåáþòó Àíàíä íå ïîëó÷èë, à ïðîñòî çàìó÷èë Ïåòåðà â äîëãîé
òÿãó÷åé èãðå.}) 15... Nc4 {Îõîòà çà ñëîíîì ïðîäîëæàåòñÿ.} 16. b3 Na3 17. Ne3
Nxc2 18. Qxc2 Rc8 19. Rfd1 Rc6 20. Rac1 b5 {, Â ïðèíöèïå, ó áåëûõ íà ïÿòü
êîïååê ëó÷øå è òàêóþ ïîçèöèþ ìîæíî ïîêàòàòü äàæå ñ Àíàíäîì, íî íå áûëî ó
Ìàãíóñà áîåâîãî íàñòðîåíèÿ, íå áûëî è âñ¸ òóò...} 1/2-1/2